000
00265nam a22001217a 4500
008
181015b xxu||||| |||| 00| 0 eng d
041
_a
eng
080
_a
820
100
_a
22
101
_a
GJL
245
_a
Critical Survey of Drama
_c
Magill,F.N
942
_2
udc
_c
BK
999
_c
49729
_d
49729